| 000 -ლიდერი |
| ფიქსირებული სიგრძის საკონტროლო ველი |
02374nam a2200253Ia 4500 |
| 001 - საკონტროლო ნომერი |
| საკონტროლო ველი |
1329 |
| 003 - საკონტროლო ნომრის იდენტიფიკატორი |
| საკონტროლო ველი |
GE_BSU |
| 005 - ბოლო ოპერაციის თარიღი და დრო |
| საკონტროლო ველი |
20190530211306.0 |
| 008 - ფიქსირებული სიგრძის მონაცემთა ელემენტები - ზოგადი ინფორმაცია |
| ფიქსირებული სიგრძის საკონტროლო ველი |
181216s2011||||ge |||||||||||||| ||geo|| |
| 040 ## - კატალოგიზაციის წყარო |
| Transcribing agency |
GE_BSU |
| 041 ## - ენის კოდი |
| Language code of text/sound track or separate title |
geo |
| 080 ## - უნივერსალური ათობითი კლასიფიკაციის ინდექსი |
| Universal Decimal Classification number |
81(063(479.223+008(063)(079.223) ლ–63 |
| 245 ## - ცნობა სათაურის შესახებ |
| Title |
ლინგვოკულტუროლოგიური ძიებანი : |
| Remainder of title |
2010 : პირველი საერთაშორისო კონფერენცია ლინგვოკულტუროლოგიასა და ანთროპოლოგიაში / |
| Statement of responsibility, etc |
საქართველოს განათლებისა და მეცნიერების სამინისტრო ; შოთა რუსთაველის სახელმწიფო უნივერსიტეტი, ქართველი ხალხის სოციოკულტურული ანთროპოლოგიისა და ეთნოლინგვისტური კვლევების საერთაშორისო ცენტრი ; რედ.: იზა ჩანტლაძე, ეთერ სოსელია, ნუგზარ მგელაძე. |
| 264 ## - წარმოების, გამოცემის, დისტრიბუციის და სხვა ცნობები |
| გამოცემის, წარმოების, დისტრიბუციის... ადგილი |
ბათუმი : |
| გამოცემის, წარმოების, დისტრიბუციის... სახელწოდება |
შოთა რუსთაველის სახ.უნ–ტი: |
| გამოცემის, წარმოების, დისტრიბუციის... თარიღი |
2011. |
| 300 ## - ფიზიკური აღწერა |
| Extent |
308 გვ.; |
| Other physical details |
28 სმ. |
| 653 ## - INDEX TERM--UNCONTROLLED |
| Uncontrolled term |
ლინგვოკულტუროლოგია |
| 653 ## - INDEX TERM--UNCONTROLLED |
| Uncontrolled term |
ანთროპოლოგია |
| 700 ## - ADDED ENTRY--PERSONAL NAME |
| Personal name |
ჩანტლაძე, იზა |
| Relator term |
რედაქტორი |
| 9 (RLIN) |
14 |
| 700 ## - ADDED ENTRY--PERSONAL NAME |
| Personal name |
სოსელია, ეთერ |
| Relator term |
რედაქტორი |
| 9 (RLIN) |
1896 |
| 700 ## - ADDED ENTRY--PERSONAL NAME |
| Personal name |
მგელაძე, ნუგზარ |
| Relator term |
რედაქტორი |
| 9 (RLIN) |
1897 |
| 710 ## - ADDED ENTRY--CORPORATE NAME |
| Corporate name or jurisdiction name as entry element |
საქართველოს განათლებისა და მეცნიერების სამინისტრო |
| 9 (RLIN) |
1898 |
| 710 ## - ADDED ENTRY--CORPORATE NAME |
| Corporate name or jurisdiction name as entry element |
შოთა რუსთაველის სახელმწიფო უნივერსიტეტი |
| Subordinate unit |
ქართველი ხალხის სოციოკულტურული ანთროპოლოგიისა და ეთნოლინგვისტური კვლევების საერთაშორისო ცენტრი |
| 9 (RLIN) |
1899 |
| 942 ## - ADDED ENTRY ELEMENTS (KOHA) |
| Koha item type |
წიგნი |
| Source of classification or shelving scheme |
|